| 000 | 00363nam a2200121Ia 4500 | ||
|---|---|---|---|
| 008 | 220216s9999 xx 000 0 und d | ||
| 100 | _aRodrigo V.H.L. | ||
| 245 | 4 | _aThe Journey of latex exploitation in the rubber tree | |
| 260 |
_bBulletin of the Rubber Research Institute of Sri Lanka _c2009 |
||
| 300 | _a23-33 | ||
| 700 | _aBalasooriya M.M.D.C. | ||
| 942 | _cJS | ||
| 999 |
_c70812 _d70812 |
||